[Event "NCL967 Midland Mons-Witney"]
[Site "Rd11"]
[Date "1997.??.??"]
[Round "11.6"]
[White "Rose, Matthew"]
[Black "Collinson, Adam"]
[Result "1/2-1/2"]
[WhiteElo "2152"]
[BlackElo "2380"]
[PlyCount "94"]
[EventDate "1997.04.26"]
[Source "J.Saunders"]
[SourceDate "1998.06.06"]

1. e4 c5 2. Nf3 d6 3. d4 cxd4 4. Nxd4 Nf6 5. Nc3 a6 6. Be2 e5 7. Nb3 Be7 8. O-O
O-O 9. Kh1 Be6 10. f4 exf4 11. Bxf4 Nc6 12. Qe1 Qc7 13. Rd1 Rfd8 14. Qg3 Ne5
15. Nd4 Ng6 16. Bg5 b5 17. Nf5 Ne8 18. Nxe7+ Nxe7 19. Bd3 Rdc8 20. Nd5 Nxd5 21.
exd5 Bxd5 22. Bf5 Bb7 23. Rde1 f6 24. Qh3 h6 25. Qh5 fxg5 26. Bxc8 Qxc8 27.
Qf7+ Kh7 28. Re7 Bc6 29. Rf6 Bd5 30. Qg6+ Kg8 31. Rxd6 Be4 32. Qf7+ Kh7 33.
Rde6 Qc4 34. Rxe4 Qxf7 35. Rxf7 Nd6 36. Ree7 Nxf7 37. Rxf7 Rd8 38. h3 Rd2 39.
Rc7 a5 40. Rc5 b4 41. b3 Kg6 42. Rxa5 Rxc2 43. Ra4 h5 44. Rxb4 Rxa2 45. Rb5 h4
46. b4 Rb2 47. Rb8 Kf5 1/2-1/2

[Event "NCL967 Midland Mons-Witney"]
[Site "Rd11"]
[Date "1997.??.??"]
[Round "11.7"]
[White "Hunt, Harriet"]
[Black "Dickinson, Tim"]
[Result "1-0"]
[WhiteElo "2315"]
[BlackElo "2165"]
[PlyCount "113"]
[EventDate "1997.04.26"]
[Source "J.Saunders"]
[SourceDate "1998.06.06"]

1. e4 c6 2. d4 d5 3. exd5 cxd5 4. c4 Nf6 5. Nc3 e6 6. Nf3 Bb4 7. cxd5 Nxd5 8.
Qc2 Nc6 9. Be2 b6 10. O-O Bb7 11. Rd1 O-O 12. Ne4 Be7 13. a3 Rc8 14. Qd3 Nb8
15. Neg5 Nf6 16. Ne5 h6 17. Nh3 Ba6 18. Qf3 Bxe2 19. Qxe2 Qc7 20. Bf4 Qc2 21.
Qb5 Qe4 22. f3 Qd5 23. Qa4 a6 24. Rd2 b5 25. Qd1 Nbd7 26. Bg3 Nb6 27. Nf4 Qa8
28. Qe2 Nfd5 29. Nfd3 Nc4 30. Nxc4 bxc4 31. Ne5 c3 32. Rc2 cxb2 33. Rxb2 Qa7
34. Bf2 Rc7 35. Nd3 Rb8 36. Rxb8+ Qxb8 37. Nc5 Bxc5 38. dxc5 Rc6 39. Qc2 Qf4
40. Rb1 g5 41. Rb3 Qe5 42. g3 f5 43. Qd1 f4 44. Bd4 Qc7 45. Qb1 e5 46. Rb8+ Kg7
47. Rb7 exd4 48. Rxc7+ Nxc7 49. Qe4 Rf6 50. Qxd4 fxg3 51. hxg3 Kg6 52. Qe4+ Kg7
53. Qe5 Nb5 54. c6 Kg6 55. a4 Nd6 56. c7 Kg7 57. Qxd6 1-0

[Event "NCL967 Midland Mons-Witney"]
[Site "Rd11"]
[Date "1997.??.??"]
[Round "11.8"]
[White "Houska, Jovanka"]
[Black "Regan, Natasha"]
[Result "1-0"]
[WhiteElo "2115"]
[BlackElo "2155"]
[PlyCount "109"]
[EventDate "1997.04.26"]
[Source "J.Saunders"]
[SourceDate "1998.06.06"]

1. e4 Nf6 2. e5 Nd5 3. d4 d6 4. Nf3 dxe5 5. Nxe5 g6 6. c4 Nf6 7. Nc3 c5 8. d5
Bg7 9. Be3 O-O 10. Be2 Na6 11. Nd3 b6 12. O-O e6 13. dxe6 Bxe6 14. Qa4 Nc7 15.
Rad1 Bd7 16. Qb3 Qe7 17. Bf3 Rac8 18. Nf4 Bg4 19. Bxg4 Nxg4 20. Nfd5 Qh4 21.
Bf4 Ne6 22. Bg3 Qd8 23. Rfe1 Re8 24. Qa4 Nd4 25. Qxa7 Ne5 26. Kh1 Re6 27. f4
Ra8 28. Qc7 Nxc4 29. b3 Na3 30. Rxe6 fxe6 31. Qxd8+ Rxd8 32. Nxb6 Rb8 33. Nca4
Nf5 34. Bf2 Bd4 35. Kg1 Nc2 36. Nd7 Rd8 37. Naxc5 Bxc5 38. Bxc5 Kg7 39. a4 Nfe3
40. Rd2 Nd5 41. Ne5 Na1 42. Rd3 Rc8 43. b4 Nxf4 44. Rd7+ Kf6 45. Ng4+ Kf5 46.
Ne3+ Kg5 47. g3 Ne2+ 48. Kf2 Nc3 49. Kf3 e5 50. Be7+ Kh5 51. g4+ Kh6 52. Bf6 g5
53. Rg7 e4+ 54. Kg2 Nxa4 55. Nf5# 1-0

[Event "NCL967 Celtic Kts-Northumbria"]
[Site "Rd11"]
[Date "1997.??.??"]
[Round "11.1"]
[White "McNab, Colin"]
[Black "Williams, Leighton"]
[Result "1-0"]
[WhiteElo "2465"]
[BlackElo "2135"]
[PlyCount "91"]
[EventDate "1997.04.26"]
[Source "J.Saunders"]
[SourceDate "1998.06.06"]

1. c4 e5 2. Nc3 d6 3. g3 Be6 4. Nf3 Nc6 5. d4 exd4 6. Nxd4 Nxd4 7. Qxd4 Be7 8.
Bg2 Qc8 9. Nd5 Bxd5 10. cxd5 Nf6 11. Bd2 Qg4 12. Qxg4 Nxg4 13. Rc1 Bd8 14. e3
O-O 15. Ke2 a5 16. Rc4 Ne5 17. Ra4 b6 18. Rc1 Rb8 19. Bh3 f5 20. Rf4 g6 21. e4
Bg5 22. exf5 Bxf4 23. gxf4 Nf7 24. fxg6 hxg6 25. Rxc7 Nd8 26. Rd7 Rb7 27. Rxd6
Kh7 28. Bg2 Re8+ 29. Kd3 Nf7 30. Rf6 Rd8 31. Be4 Rd6 32. Bxg6+ Kg7 33. Rxd6
Nxd6 34. f5 Kf6 35. Bc3+ Kg5 36. h4+ Kxh4 37. Be5 Nf7 38. Ke4 Ng5+ 39. Kf4 Nh3+
40. Ke3 Re7 41. Kd4 Ng5 42. Bf6 Re1 43. f4 Re4+ 44. Kc3 Rxf4 45. d6 Rf3+ 46.
Kd2 1-0

[Event "NCL967 Celtic Kts-Northumbria"]
[Site "Rd11"]
[Date "1997.??.??"]
[Round "11.2"]
[White "Walsh, Chris"]
[Black "Ledger, Andrew"]
[Result "0-1"]
[WhiteElo "2180"]
[BlackElo "2415"]
[PlyCount "44"]
[EventDate "1997.04.26"]
[Source "J.Saunders"]
[SourceDate "1998.06.06"]

1. e4 c6 2. d4 d5 3. Nc3 dxe4 4. Nxe4 Nd7 5. Nf3 Ngf6 6. Ng3 c5 7. dxc5 Qa5+ 8.
c3 Qxc5 9. Be2 e6 10. O-O Be7 11. Ng5 O-O 12. Bd3 Rd8 13. Qe2 Nf8 14. Be3 Qc7
15. Rad1 Nd5 16. Qh5 g6 17. Qf3 f6 18. Nxh7 Kxh7 19. Qh5+ Kg8 20. Bxg6 Nxe3 21.
fxe3 Rxd1 22. Rxd1 Qc5 0-1

[Event "NCL967 Celtic Kts-Northumbria"]
[Site "Rd11"]
[Date "1997.??.??"]
[Round "11.3"]
[White "Wall, Tim"]
[Black "Musson, Adam"]
[Result "1-0"]
[WhiteElo "2320"]
[BlackElo "2090"]
[PlyCount "45"]
[EventDate "1997.04.26"]
[Source "J.Saunders"]
[SourceDate "1998.06.06"]

1. e4 c5 2. Nf3 d6 3. Bc4 e6 4. O-O Nc6 5. d4 cxd4 6. Nxd4 Nf6 7. Nc3 Be7 8.
Bb3 O-O 9. f4 e5 10. Nxc6 bxc6 11. Kh1 Qb6 12. Qf3 Bb7 13. fxe5 dxe5 14. Qg3
Qc7 15. Bh6 Ne8 16. Rxf7 Rxf7 17. Rf1 Bf8 18. Rxf7 Qxf7 19. Bxf7+ Kxf7 20. Qd3
Bd6 21. Qc4+ Kf6 22. Be3 Nc7 23. Qf1+ 1-0

[Event "NCL967 Celtic Kts-Northumbria"]
[Site "Rd11"]
[Date "1997.??.??"]
[Round "11.4"]
[White "Sheehan, Anthony"]
[Black "Bell, Stephen"]
[Result "0-1"]
[WhiteElo "2100"]
[BlackElo "2365"]
[PlyCount "104"]
[EventDate "1997.04.26"]
[Source "J.Saunders"]
[SourceDate "1998.06.06"]

1. e4 e6 2. d4 d5 3. Nd2 dxe4 4. Nxe4 Nd7 5. Nf3 Ngf6 6. Nxf6+ Nxf6 7. Bg5 h6
8. Bh4 Be7 9. Bd3 c5 10. dxc5 Qa5+ 11. c3 Qxc5 12. O-O O-O 13. Qe2 Rd8 14. Rad1
Bd7 15. Ne5 Ba4 16. b3 Be8 17. c4 Rd4 18. Bg3 Rad8 19. Bc2 Rxd1 20. Rxd1 Rxd1+
21. Qxd1 Qa5 22. a4 Nh5 23. Nd3 Nxg3 24. hxg3 Qd8 25. Qg4 Bf6 26. b4 Qd4 27.
Qxd4 Bxd4 28. Kf1 Kf8 29. Ke2 Ke7 30. f3 f5 31. Bb3 b6 32. Ne1 g5 33. Nc2 Be5
34. Kf2 Bd6 35. b5 e5 36. Ne3 Bc5 37. Ke2 Bxe3 38. Kxe3 Kd6 39. g4 f4+ 40. Kd3
Bg6+ 41. Kc3 Kc5 42. Bd1 h5 43. gxh5 Bxh5 44. Bc2 Bf7 45. Bd3 Be6 46. Be2 Bc8
47. Bd1 a5 48. Be2 Be6 49. Bd3 g4 50. Be2 g3 51. Bd3 Bh3 52. Bf1 e4 0-1

[Event "NCL967 Celtic Kts-Northumbria"]
[Site "Rd11"]
[Date "1997.??.??"]
[Round "11.5"]
[White "Whiteley, Andrew"]
[Black "Sinnett, Glyn"]
[Result "1-0"]
[WhiteElo "2255"]
[BlackElo "2010"]
[PlyCount "131"]
[EventDate "1997.04.26"]
[Source "J.Saunders"]
[SourceDate "1998.06.06"]

1. d4 e6 2. c4 f5 3. Nf3 Nf6 4. g3 d5 5. Bg2 c6 6. O-O Bd6 7. b3 O-O 8. Ba3
Bxa3 9. Nxa3 Qe7 10. Nc2 Bd7 11. Nce1 Be8 12. Nd3 Nbd7 13. Qc2 Ne4 14. Nfe5
Nxe5 15. Nxe5 Bh5 16. e3 Rf6 17. c5 Rh6 18. b4 Nf6 19. Rfb1 a6 20. a4 Ng4 21.
Nf3 f4 22. Qd2 fxe3 23. fxe3 Rf8 24. h3 Nf6 25. Ne5 Ne4 26. Bxe4 dxe4 27. g4
Be8 28. Qg2 Qh4 29. Rf1 Qxh3 30. Rxf8+ Kxf8 31. Qxh3 Rxh3 32. Re1 h5 33. Kg2
hxg4 34. Nxg4 Rh5 35. Ne5 Rg5+ 36. Kh3 Rf5 37. Nc4 Rf2 38. Nd6 Rb2 39. Rf1+ Ke7
40. Rg1 g6 41. Kg4 Rxb4 42. a5 Rb3 43. Kf4 Rb2 44. Kxe4 Rh2 45. Nxb7 Rb2 46.
Nd6 Ra2 47. Ke5 Re2 48. e4 Bf7 49. Rb1 Rf2 50. Rb7+ Kf8 51. Nxf7 Rxf7 52. Rb6
g5 53. Rxc6 g4 54. Rxe6 g3 55. Rg6 Rg7 56. Rf6+ Rf7 57. Rg6 Rg7 58. Rxg7 Kxg7
59. c6 g2 60. c7 g1=Q 61. c8=Q Qh2+ 62. Kd5 Qa2+ 63. Kd6 Qh2+ 64. e5 Qe2 65.
Qc7+ Kg6 66. d5 1-0

[Event "NCL967 Celtic Kts-Northumbria"]
[Site "Rd11"]
[Date "1997.??.??"]
[Round "11.6"]
[White "Jones, Richard S"]
[Black "Timmermans, Ivo"]
[Result "1/2-1/2"]
[WhiteElo "1865"]
[BlackElo "2275"]
[PlyCount "67"]
[EventDate "1997.04.26"]
[Source "J.Saunders"]
[SourceDate "1998.06.06"]

1. e4 e5 2. f4 Bc5 3. Nf3 d6 4. c3 Nf6 5. d4 exd4 6. cxd4 Bb4+ 7. Bd2 Bxd2+ 8.
Nbxd2 Qe7 9. Bd3 O-O 10. O-O Nd5 11. exd5 Qe3+ 12. Kh1 Qxd3 13. Rc1 Na6 14. Qa4
Qf5 15. Qc4 Bd7 16. Qb3 Rab8 17. Rce1 Rfe8 18. Rxe8+ Bxe8 19. Re1 Qxf4 20. Qxb7
g5 21. Qxa6 g4 22. Qxa7 gxf3 23. Qxb8 fxg2+ 24. Kxg2 Qxd2+ 25. Kf1 Qd3+ 26. Re2
Qd1+ 27. Kf2 Qxd4+ 28. Ke1 Qg1+ 29. Kd2 Qd4+ 30. Ke1 Qg1+ 31. Kd2 Qd4+ 32. Kc1
Qc4+ 33. Rc2 Qf1+ 34. Kd2 1/2-1/2

[Event "NCL967 Celtic Kts-Northumbria"]
[Site "Rd11"]
[Date "1997.??.??"]
[Round "11.7"]
[White "Ledger, David"]
[Black "Moore, R."]
[Result "1-0"]
[WhiteElo "2235"]
[BlackElo "1805"]
[PlyCount "67"]
[EventDate "1997.04.26"]
[Source "J.Saunders"]
[SourceDate "1998.06.06"]

1. Nf3 Nf6 2. g3 g6 3. Bg2 Bg7 4. c4 c5 5. O-O Nc6 6. d3 O-O 7. Nc3 d6 8. Rb1
Bd7 9. a3 Rb8 10. b4 Ng4 11. Bd2 b6 12. b5 Nd4 13. Nxd4 cxd4 14. Na2 f5 15. Nb4
Rc8 16. a4 e6 17. a5 Kh8 18. axb6 axb6 19. Ra1 Nf6 20. Ra7 d5 21. cxd5 Nxd5 22.
Nxd5 exd5 23. Bxd5 Bxb5 24. Qb3 Bc6 25. Bxc6 Rxc6 26. Bb4 Re8 27. Qf7 Rg8 28.
Rfa1 Qc8 29. Bd2 Rf6 30. Qb7 Qxb7 31. Rxb7 Bf8 32. Bg5 Re6 33. Raa7 Rg7 34.
Rxg7 1-0

[Event "NCL967 Celtic Kts-Northumbria"]
[Site "Rd11"]
[Date "1997.??.??"]
[Round "11.8"]
[White "Wilson, Julie"]
[Black "Barnes, Lara"]
[Result "1-0"]
[WhiteElo "1656"]
[BlackElo "1264"]
[PlyCount "71"]
[EventDate "1997.04.26"]
[Source "J.Saunders"]
[SourceDate "1998.06.06"]

1. d4 Nf6 2. c4 g6 3. Nc3 d5 4. cxd5 Nxd5 5. e4 Nxc3 6. bxc3 Bg7 7. Bc4 c5 8.
Ne2 O-O 9. O-O Nc6 10. Be3 cxd4 11. cxd4 Bg4 12. f3 Na5 13. Bxf7+ Rxf7 14. fxg4
Rxf1+ 15. Qxf1 Qd6 16. Qe1 Nc4 17. Bf2 Qe6 18. Qc1 Rc8 19. Qf4 Rf8 20. Qc7 Qf7
21. Qg3 Nd6 22. Nc3 a6 23. e5 Nc4 24. Ne4 Qd5 25. Re1 b5 26. Qh4 Rf4 27. Nc5
Qf7 28. Nd3 Rxf2 29. Qxf2 Qe6 30. Rf1 Bh6 31. g5 Bg7 32. Nc5 Qd5 33. Kh1 a5 34.
e6 Qxg5 35. Qf7+ Kh8 36. Qe8+ 1-0

[Event "NCL967 Barbican-Richmond"]
[Site "Rd11"]
[Date "1997.??.??"]
[Round "11.2"]
[White "Williams, Simon"]
[Black "Lehtivaara, Petri"]
[Result "0-1"]
[WhiteElo "2350"]
[BlackElo "2365"]
[PlyCount "102"]
[EventDate "1997.04.26"]
[Source "J.Saunders"]
[SourceDate "1998.06.06"]

1. c4 Nf6 2. Nc3 e6 3. e4 c5 4. e5 Ng8 5. Nf3 Nc6 6. d4 cxd4 7. Nxd4 Nxe5 8.
Ndb5 a6 9. Nd6+ Bxd6 10. Qxd6 f6 11. Be3 Ne7 12. Bb6 Nf5 13. Qc5 Qe7 14. Qa5
O-O 15. O-O-O d6 16. f4 Nd7 17. g4 Nh6 18. h3 Nxb6 19. Qxb6 Nf7 20. Bg2 Qd8 21.
Qb4 Qc7 22. Kb1 Rb8 23. Ne4 b5 24. cxb5 Rxb5 25. Qd2 Bb7 26. Rhe1 Rb6 27. Rc1
Qb8 28. Rc2 Rc8 29. Rxc8+ Bxc8 30. Nc3 d5 31. Nxd5 Rd6 32. Qc2 Bb7 33. Ne3 Bxg2
34. Qxg2 h6 35. Qe4 e5 36. Nd5 Qd8 37. Ne3 Rd4 38. Qg6 Rd2 39. Rc1 Qd3+ 40.
Qxd3 Rxd3 41. Rc8+ Kh7 42. Nf5 exf4 43. Kc2 Rxh3 44. Rc7 Kg6 45. Ne7+ Kg5 46.
Nd5 f3 47. Kd2 f2 48. Ke2 Rf3 49. Kf1 Ne5 50. Rxg7+ Kh4 51. Ne7 Nxg4 0-1

[Event "NCL967 Barbican-Richmond"]
[Site "Rd11"]
[Date "1997.??.??"]
[Round "11.3"]
[White "Dishman, Stephen"]
[Black "Wall, Gavin"]
[Result "0-1"]
[WhiteElo "2300"]
[BlackElo "2305"]
[PlyCount "38"]
[EventDate "1997.04.26"]
[Source "J.Saunders"]
[SourceDate "1998.06.06"]

1. d4 f5 2. Nc3 d5 3. Bf4 Nf6 4. e3 e6 5. Nb5 Na6 6. c4 Bb4+ 7. Nc3 O-O 8. a3
Bxc3+ 9. bxc3 c5 10. Nf3 Qa5 11. Qb3 Bd7 12. Bd3 b5 13. cxb5 c4 14. Qb2 cxd3
15. bxa6 Ne4 16. Qb4 Qxa6 17. O-O Ba4 18. Qb2 Rac8 19. Rac1 Rf7 0-1

[Event "NCL967 Barbican-Richmond"]
[Site "Rd11"]
[Date "1997.??.??"]
[Round "11.4"]
[White "Franklin, Michael"]
[Black "Plueg, Andreas"]
[Result "0-1"]
[WhiteElo "2255"]
[BlackElo "2310"]
[PlyCount "222"]
[EventDate "1997.04.26"]
[Source "J.Saunders"]
[SourceDate "1998.06.06"]

1. d4 Nf6 2. Nf3 d5 3. e3 c6 4. c4 g6 5. Nc3 Bg7 6. Be2 O-O 7. O-O a6 8. Bd2
Nbd7 9. cxd5 cxd5 10. Qb3 e6 11. Rfc1 Re8 12. a4 b6 13. Na2 Ne4 14. Be1 Bb7 15.
Nb4 Nb8 16. Rc2 a5 17. Na2 Ba6 18. Rac1 Nd6 19. Bxa6 Nxa6 20. Qd3 Qd7 21. b3
Ra7 22. Nd2 Rea8 23. Nb1 Bf8 24. Na3 Nc7 25. Nc3 Kg7 26. Ncb5 Ndxb5 27. Nxb5
Nxb5 28. axb5 a4 29. b4 a3 30. Rc6 a2 31. Ra1 Ra3 32. Qc2 Qa7 33. Rc7 Qa4 34.
Qc6 Ra7 35. Rc8 Ra8 36. Rc7 Bxb4 37. Qxe6 Rf8 38. Qe5+ Kg8 39. Rcc1 Bxe1 40.
Rxe1 Qxb5 41. e4 Re8 42. Qd6 Qa5 43. Rec1 Rc3 44. Re1 Ra3 45. h4 dxe4 46. h5
Kg7 47. Rec1 e3 48. fxe3 Raxe3 49. Rf1 Qg5 50. Rxa2 R3e6 51. Qf4 Qxf4 52. Rxf4
gxh5 53. Rb2 Ra8 54. Rbf2 f6 55. R2f3 Ra5 56. Rc3 Rd5 57. Rc7+ Kg6 58. Rb7 Red6
59. Kf2 Rf5 60. Rxf5 Kxf5 61. Rxh7 Rxd4 62. Rxh5+ Ke4 63. Rb5 Rd2+ 64. Kg3 Rd6
65. Rb4+ Kd3 66. Kf3 Kc3 67. Rb1 Kc4 68. Rc1+ Kb3 69. Rb1+ Ka2 70. Rb5 Ka3 71.
Rb1 Ka4 72. Ra1+ Kb4 73. Rb1+ Kc5 74. Rc1+ Kb5 75. Rb1+ Kc6 76. Rc1+ Kb7 77.
Rb1 Rd5 78. Ke4 Rc5 79. Kd4 Kc6 80. g4 Rg5 81. Rg1 Kb7 82. Rf1 Rxg4+ 83. Kd5
Rg5+ 84. Kd6 Rc5 85. Rf2 Rc6+ 86. Kd5 b5 87. Rf4 Kb6 88. Rf1 Rc5+ 89. Kd4 f5
90. Rh1 Rc4+ 91. Kd5 Rc5+ 92. Kd4 b4 93. Rh8 Rb5 94. Kc4 Re5 95. Kxb4 Kc6 96.
Kc4 Kd6 97. Rd8+ Ke7 98. Ra8 Kf6 99. Rg8 f4 100. Kd4 Re7 101. Kd3 Kf5 102. Rf8+
Kg4 103. Rg8+ Kh3 104. Rh8+ Kg3 105. Rg8+ Kf2 106. Rf8 f3 107. Rf6 Kg2 108.
Rg6+ Kf1 109. Kd2 f2 110. Rf6 Re2+ 111. Kd3 Ke1 0-1

[Event "NCL967 Barbican-Richmond"]
[Site "Rd11"]
[Date "1997.??.??"]
[Round "11.5"]
[White "Twyble, Michael"]
[Black "Tan, Desmond"]
[Result "1-0"]
[WhiteElo "2250"]
[BlackElo "1999"]
[PlyCount "67"]
[EventDate "1997.04.26"]
[Source "J.Saunders"]
[SourceDate "1998.06.06"]

1. d4 Nf6 2. c4 g6 3. Nc3 Bg7 4. e4 d6 5. f4 O-O 6. Nf3 c5 7. d5 e6 8. Be2 exd5
9. cxd5 Re8 10. e5 dxe5 11. fxe5 Ng4 12. Bg5 f6 13. exf6 Bxf6 14. Qd2 Bxg5 15.
Qxg5 Qb6 16. O-O-O Nf2 17. d6 Be6 18. Nd5 Bxd5 19. Qxd5+ Kh8 20. Qf7 Qd8 21.
Bb5 Nc6 22. Qxb7 Na5 23. Qd5 Rf8 24. Rhe1 Nxd1 25. Re7 Rf5 26. Qxd1 a6 27. Re8+
Qxe8 28. Bxe8 Rxe8 29. Qa4 Rd8 30. Qxa5 Rxd6 31. Qc7 Rfd5 32. h4 h5 33. Qe7 Rd7
34. Qf8+ 1-0

[Event "NCL967 Barbican-Richmond"]
[Site "Rd11"]
[Date "1997.??.??"]
[Round "11.6"]
[White "Bass, John"]
[Black "Lewis, Andrew"]
[Result "0-1"]
[WhiteElo "1944"]
[BlackElo "2320"]
[PlyCount "64"]
[EventDate "1997.04.26"]
[Source "J.Saunders"]
[SourceDate "1998.06.06"]

1. d4 Nf6 2. Nf3 g6 3. Bg5 Bg7 4. Nbd2 d6 5. e3 O-O 6. Be2 Nbd7 7. O-O h6 8.
Bh4 e5 9. c3 g5 10. Bg3 Nh5 11. Ne1 Nxg3 12. hxg3 f5 13. Nc2 Nf6 14. Nc4 e4 15.
a4 g4 16. N4a3 h5 17. c4 Nh7 18. b4 Rf6 19. Qd2 Rh6 20. Rfd1 h4 21. Bf1 c6 22.
Nb1 Ng5 23. Nc3 Nf3+ 24. gxf3 gxf3 25. Ne2 fxe2 26. Qxe2 Qg5 27. Bg2 Bd7 28. c5
d5 29. b5 hxg3 30. fxg3 Qxg3 31. bxc6 bxc6 32. Qf2 Rh1+ 0-1

[Event "NCL967 Barbican-Richmond"]
[Site "Rd11"]
[Date "1997.??.??"]
[Round "11.7"]
[White "Kenworthy, Gary"]
[Black "Bates, Ruth"]
[Result "1-0"]
[WhiteElo "2275"]
[BlackElo "1880"]
[PlyCount "121"]
[EventDate "1997.04.26"]
[Source "J.Saunders"]
[SourceDate "1998.06.06"]

1. e4 g6 2. d4 Bg7 3. Nc3 c6 4. Nf3 d6 5. a4 Nf6 6. h3 O-O 7. Be3 e5 8. g3 Nbd7
9. Bg2 Re8 10. O-O exd4 11. Bxd4 Nf8 12. Re1 Be6 13. Qd2 d5 14. exd5 Nxd5 15.
Bxg7 Kxg7 16. Nd4 Nxc3 17. Qxc3 Qf6 18. a5 Bd5 19. Bxd5 cxd5 20. a6 b6 21. Rxe8
Rxe8 22. Qc6 Qe5 23. c3 Re7 24. Rd1 Ne6 25. Nf3 Qe2 26. Qxd5 Qxa6 27. Qe5+ f6
28. Qd6 Kf7 29. b4 Qb7 30. Rd3 Qc7 31. Qd5 Qb7 32. Qa2 Qc6 33. Nd4 Qd7 34. Re3
Qd6 35. b5 f5 36. Nc6 Rd7 37. Ne5+ Kf6 38. Nxd7+ Qxd7 39. Qc4 Qd1+ 40. Kg2 Qd6
41. Qc6 Qe7 42. h4 h6 43. f4 Kf7 44. Re5 h5 45. Kf3 Kf6 46. Re2 Kf7 47. Re3 Kf6
48. Rd3 Qa3 49. Qd6 Qb3 50. Re3 Qc4 51. Kf2 Qa2+ 52. Re2 Qc4 53. Qc6 Qxc6 54.
bxc6 Nc7 55. Rd2 Ke6 56. Rd7 Nb5 57. c4 Nd6 58. Rxa7 Ne4+ 59. Ke3 Kd6 60. Rg7
Kxc6 61. Kd4 1-0

[Event "NCL967 Barbican-Richmond"]
[Site "Rd11"]
[Date "1997.??.??"]
[Round "11.8"]
[White "Buckley, David"]
[Black "Lang, Heather"]
[Result "0-1"]
[WhiteElo "1816"]
[BlackElo "2065"]
[PlyCount "62"]
[EventDate "1997.04.26"]
[Source "J.Saunders"]
[SourceDate "1998.06.06"]

1. e4 e5 2. Nf3 Nc6 3. c3 Nge7 4. d4 exd4 5. Bc4 d5 6. exd5 Nxd5 7. Nxd4 Nxd4
8. Qxd4 Be6 9. O-O Qf6 10. Qxf6 gxf6 11. Nd2 Be7 12. Re1 Rg8 13. Nb3 O-O-O 14.
Kh1 Nb6 15. Bf1 Nc4 16. Nd4 Ne5 17. Bf4 Bd6 18. b3 Ng4 19. Bg3 Rge8 20. Rad1
Bxg3 21. fxg3 Nf2+ 22. Kg1 Nxd1 23. Rxd1 c5 24. Bb5 Re7 25. Rc1 cxd4 26. cxd4+
Rc7 27. Rf1 Rxd4 28. Rxf6 Rc1+ 29. Rf1 Rxf1+ 30. Kxf1 Rd2 31. a4 Bxb3 0-1

[Event "NCL967 Bristol-Wessex"]
[Site "Rd11"]
[Date "1997.??.??"]
[Round "11.1"]
[White "Baker, Chris W"]
[Black "Rossiter, Philip"]
[Result "0-1"]
[WhiteElo "2370"]
[BlackElo "2370"]
[PlyCount "70"]
[EventDate "1997.04.26"]
[Source "J.Saunders"]
[SourceDate "1998.06.06"]

1. d4 f5 2. e4 fxe4 3. Nc3 Nf6 4. f3 d5 5. Bg5 Bf5 6. fxe4 dxe4 7. Bc4 Nbd7 8.
Nge2 Nb6 9. Bb3 Qd7 10. Qd2 O-O-O 11. O-O-O e6 12. Ng3 Be7 13. Rhe1 Qc6 14. d5
Qe8 15. Ncxe4 Nxe4 16. Nxe4 Nxd5 17. Qa5 Bxe4 18. Bxe7 Qxe7 19. Rxe4 Qg5+ 20.
Qd2 Nc3 21. Bxe6+ Kb8 22. bxc3 Rxd2 23. Rxd2 a6 24. Red4 Qe5 25. Bd5 Rd8 26. h3
Rd6 27. Bf3 Qe1+ 28. Bd1 Rb6 29. R2d3 Qe7 30. c4 Qg5+ 31. Rd2 Qa5 32. Rd8+ Ka7
33. R2d7 Qxa2 34. Rxc7 Rb1+ 35. Kd2 Qa5+ 0-1

[Event "NCL967 Bristol-Wessex"]
[Site "Rd11"]
[Date "1997.??.??"]
[Round "11.2"]
[White "Poulton, James"]
[Black "Beaumont, Chris"]
[Result "0-1"]
[WhiteElo "2360"]
[BlackElo "2330"]
[PlyCount "66"]
[EventDate "1997.04.26"]
[Source "J.Saunders"]
[SourceDate "1998.06.06"]

1. d4 Nf6 2. Nf3 c5 3. d5 g6 4. Nc3 Bg7 5. e4 O-O 6. a4 d6 7. Be2 e6 8. O-O
exd5 9. exd5 Na6 10. Nd2 Nb4 11. Nc4 Re8 12. Bg5 h6 13. Bh4 Bf5 14. Rc1 Qd7 15.
Nb5 Nbxd5 16. Nbxd6 Re7 17. Bf3 g5 18. Bxg5 hxg5 19. Bxd5 Bg6 20. Qd2 Rd8 21.
Qxg5 Nxd5 22. Qxd5 Qc7 23. Rfd1 Red7 24. Rd2 Bf8 25. Rcd1 Bxd6 26. g3 Bxg3 27.
Qxd7 Bxh2+ 28. Kg2 Rxd7 29. Rxd7 Be4+ 30. Kf1 Qc6 31. b3 Bxc2 32. R1d5 Bxb3 33.
Rg5+ Kf8 0-1

[Event "NCL967 Bristol-Wessex"]
[Site "Rd11"]
[Date "1997.??.??"]
[Round "11.4"]
[White "Neil, David"]
[Black "Copeland, Graham"]
[Result "1/2-1/2"]
[WhiteElo "2295"]
[BlackElo "2335"]
[PlyCount "71"]
[EventDate "1997.04.26"]
[Source "J.Saunders"]
[SourceDate "1998.06.06"]

1. e4 c6 2. d3 e5 3. Nf3 Nf6 4. Bd2 d6 5. c4 g6 6. Bc3 Bg7 7. Nbd2 Nbd7 8. b4
O-O 9. Be2 Re8 10. Qc2 d5 11. Nb3 d4 12. Bd2 Qc7 13. c5 Nf8 14. O-O Bg4 15. h3
Bxf3 16. Bxf3 Ne6 17. g3 h5 18. h4 Rf8 19. Bg2 Ng4 20. a4 Qe7 21. Na5 Nf4 22.
Nc4 Nxg2 23. Kxg2 f5 24. f3 Nf6 25. Rae1 fxe4 26. fxe4 Ng4 27. Bg5 Bf6 28. Bxf6
Rxf6 29. Rxf6 Qxf6 30. Rf1 Qe6 31. Qe2 Rf8 32. Rxf8+ Kxf8 33. Qf3+ Kg7 34. a5
Qe7 35. Kg1 Qe6 36. Kg2 1/2-1/2

[Event "NCL967 Bristol-Wessex"]
[Site "Rd11"]
[Date "1997.??.??"]
[Round "11.5"]
[White "Mah, Karl"]
[Black "Yeo, Michael"]
[Result "1-0"]
[WhiteElo "2245"]
[BlackElo "2205"]
[PlyCount "119"]
[EventDate "1997.04.26"]
[Source "J.Saunders"]
[SourceDate "1998.06.06"]

1. d4 d5 2. c4 Nc6 3. cxd5 Qxd5 4. e3 e5 5. Nc3 Bb4 6. Bd2 Bxc3 7. bxc3 Qd6 8.
Bd3 Nge7 9. Ne2 O-O 10. O-O b6 11. Bc1 Be6 12. Qa4 Rfe8 13. Ba3 Qd7 14. Rfd1
exd4 15. cxd4 Na5 16. Qc2 Ng6 17. d5 Bg4 18. f3 Bxf3 19. gxf3 Rxe3 20. Bc1 Rxf3
21. Be4 Qg4+ 22. Ng3 Rxg3+ 23. hxg3 Re8 24. Bxg6 Qxg3+ 25. Qg2 Re1+ 26. Rxe1
Qxe1+ 27. Qf1 Qg3+ 28. Qg2 Qe1+ 29. Qf1 Qg3+ 30. Kh1 Qh4+ 31. Kg2 Qg4+ 32. Kh2
Qh4+ 33. Kg2 Qg4+ 34. Kf2 hxg6 35. Be3 Nc4 36. Rc1 Qf5+ 37. Ke2 Qxd5 38. Qf3
Nxe3 39. Kxe3 Qe6+ 40. Kf2 Qxa2+ 41. Kg3 g5 42. Rd1 Qe6 43. Rd8+ Kh7 44. Qh5+
Qh6 45. Qxh6+ gxh6 46. Rd7 Kg6 47. Rxc7 h5 48. Rxa7 f5 49. Rd7 h4+ 50. Kf3 h3
51. Rd6+ Kh5 52. Rxb6 g4+ 53. Kg3 Kg5 54. Rb5 Kf6 55. Kf4 Kg6 56. Rb8 Kg7 57.
Rb6 Kh7 58. Kg5 Kg7 59. Rb7+ Kf8 60. Rh7 1-0

[Event "NCL967 Bristol-Wessex"]
[Site "Rd11"]
[Date "1997.??.??"]
[Round "11.6"]
[White "Noyce, Robert"]
[Black "Cole, Roland"]
[Result "0-1"]
[WhiteElo "2205"]
[BlackElo "2215"]
[PlyCount "84"]
[EventDate "1997.04.26"]
[Source "J.Saunders"]
[SourceDate "1998.06.06"]

1. e4 c5 2. Nc3 Nc6 3. f4 g6 4. Nf3 Bg7 5. Bb5 Nd4 6. Bd3 e6 7. Nxd4 cxd4 8.
Nb5 d6 9. c3 dxc3 10. dxc3 Ne7 11. Nxd6+ Kf8 12. Nxc8 Rxc8 13. O-O Nc6 14. Be3
Bf6 15. Qe2 Kg7 16. Rad1 Qc7 17. Qf2 h5 18. a3 b6 19. Rd2 Rcd8 20. Rfd1 Na5 21.
Bb5 Rxd2 22. Rxd2 Rd8 23. Rxd8 Qxd8 24. Qd2 Qa8 25. e5 Be7 26. b4 Nb3 27. Qd1
Qe4 28. Qd3 Qa8 29. Ba4 Na1 30. Qb1 a5 31. Qxa1 axb4 32. Bb3 bxa3 33. Qa2 Qe4
34. Kf2 Bc5 35. Bxc5 Qxf4+ 36. Ke2 bxc5 37. Qxa3 Qxe5+ 38. Kd3 Qf5+ 39. Kc4
Qd5+ 40. Kb5 Qb7+ 41. Kc4 Qd5+ 42. Kb5 c4+ 0-1